[Event "Quebec op U2000"]
[Site "Montreal CAN"]
[Date "2001.07.28"]
[Round "9"]
[White "Lord, Stephan"]
[Black "Tremblay, Alain"]
[Result "0-1"]
[WhiteElo "1846"]
[BlackElo "1929"]
[PlyCount "60"]
[GameId "2160767911563946"]
[EventDate "2001.07.21"]
[EventType "swiss"]
[EventRounds "9"]
[EventCountry "CAN"]
[SourceTitle "EXT 2022"]
[Source "ChessBase"]
[SourceDate "2021.10.06"]
[SourceVersion "1"]
[SourceVersionDate "2021.10.06"]
[SourceQuality "1"]

1. d4 Nf6 2. e3 g6 3. Bd3 Bg7 4. f4 d6 5. Nf3 O-O 6. O-O Nc6 7. e4 Bg4 8. c3 e5 9. fxe5 dxe5 10. d5 Ne7 11. Qb3 Nd7 12. Be3 Nc8 13. Nbd2 Nd6 14. h3 Bxf3 15. Nxf3 f5 16. Ng5 Bh6 17. h4 f4 18. Ne6 Qxh4 19. Bf2 Qg4 20. Rfe1 f3 21. Bf1 Nxe4 22. Rxe4 Qxe4 23. d6 Kh8 24. Re1 Qg4 25. Nxf8 Rxf8 26. dxc7 Nb6 27. Rxe5 fxg2 28. Bxg2 Rxf2 29. Re8+ Rf8 30. Qf7 Be3+ 0-1

[Event "Quebec op U2000"]
[Site "Montreal CAN"]
[Date "2001.07.28"]
[Round "9"]
[White "Marcone, Malcom"]
[Black "Ramaswamy, Kiran"]
[Result "1/2-1/2"]
[WhiteElo "1920"]
[BlackElo "1880"]
[PlyCount "74"]
[GameId "2160767911563947"]
[EventDate "2001.07.21"]
[EventType "swiss"]
[EventRounds "9"]
[EventCountry "CAN"]
[SourceTitle "EXT 2022"]
[Source "ChessBase"]
[SourceDate "2021.10.06"]
[SourceVersion "1"]
[SourceVersionDate "2021.10.06"]
[SourceQuality "1"]

1. d4 d6 2. Nf3 g6 3. c4 Bg7 4. Nc3 Nf6 5. e4 O-O 6. Be2 c5 7. O-O Nc6 8. h3 e5 9. dxe5 dxe5 10. Qxd8 Rxd8 11. Bg5 Re8 12. Nb5 Rb8 13. Nd2 Nd4 14. Rfe1 Nc2 15. Nxa7 Nxe1 16. Rxe1 Ra8 17. Nxc8 Rexc8 18. Bxf6 Bxf6 19. a3 Rd8 20. Nb1 Bg5 21. Bf1 Ra6 22. Nc3 Bd2 23. Rd1 Rad6 24. Nd5 Ba5 25. Rb1 R8d7 26. b4 Bb6 27. g3 Kg7 28. h4 h5 29. Bh3 Rd8 30. a4 Ra8 31. Bd7 cxb4 32. Rxb4 Rxd7 33. Nxb6 Rd1+ 34. Kg2 Ra5 35. Nd5 Rd4 36. Kf3 Rc5 37. Ne3 Ra5 1/2-1/2

[Event "Quebec op U2000"]
[Site "Montreal CAN"]
[Date "2001.07.28"]
[Round "9"]
[White "Metivier, Nicolas"]
[Black "Marghetis, Aris"]
[Result "1-0"]
[WhiteElo "1941"]
[BlackElo "1905"]
[PlyCount "127"]
[GameId "2160767911563948"]
[EventDate "2001.07.21"]
[EventType "swiss"]
[EventRounds "9"]
[EventCountry "CAN"]
[SourceTitle "EXT 2022"]
[Source "ChessBase"]
[SourceDate "2021.10.06"]
[SourceVersion "1"]
[SourceVersionDate "2021.10.06"]
[SourceQuality "1"]

1. e4 Nf6 2. e5 Nd5 3. c4 Nb6 4. d4 d6 5. f4 dxe5 6. fxe5 Nc6 7. Be3 Bf5 8. Nc3 e6 9. Nf3 Bg4 10. Qd2 Bb4 11. a3 Be7 12. b4 Bxf3 13. gxf3 Bh4+ 14. Kd1 Qd7 15. Kc2 O-O-O 16. Rd1 f6 17. f4 fxe5 18. fxe5 Qf7 19. Qg2 Qf5+ 20. Bd3 Nxc4 21. Bc1 Nxd4+ 22. Kb1 Nxa3+ 23. Bxa3 Qxe5 24. Bb2 Qe3 25. Na4 Qg5 26. Qe4 e5 27. Nc5 c6 28. Rhg1 Qe7 29. Ba6 bxa6 30. Bxd4 Rxd4 31. Qxc6+ Qc7 32. Qxc7+ Kxc7 33. Ne6+ Kb6 34. Nxd4 Bf2 35. Nf3 Bxg1 36. Rxg1 e4 37. Nd2 g6 38. Kb2 a5 39. bxa5+ Kxa5 40. Nxe4 Re8 41. Nc3 Re5 42. Kc2 Rh5 43. Rg2 Kb4 44. Rg4+ Ka5 45. Rg2 Kb6 46. Ne4 a5 47. Ng5 h6 48. Nf3 Rc5+ 49. Kb3 g5 50. Re2 h5 51. Re6+ Kc7 52. Rh6 g4 53. Nd4 Re5 54. Ne6+ Kc8 55. Nf4 a4+ 56. Ka3 Re3+ 57. Ka2 Rf3 58. Nxh5 Rf2+ 59. Ka3 Rxh2 60. Rc6+ Kb7 61. Rc5 Rh3+ 62. Kxa4 g3 63. Rg5 g2 64. Ng7 1-0

[Event "Quebec op U2000"]
[Site "Montreal CAN"]
[Date "2001.07.28"]
[Round "9"]
[White "Rouleau, Paul"]
[Black "Balogh, Alex"]
[Result "1/2-1/2"]
[WhiteElo "1974"]
[BlackElo "1840"]
[PlyCount "85"]
[GameId "2160767911563950"]
[EventDate "2001.07.21"]
[EventType "swiss"]
[EventRounds "9"]
[EventCountry "CAN"]
[SourceTitle "EXT 2022"]
[Source "ChessBase"]
[SourceDate "2021.10.06"]
[SourceVersion "1"]
[SourceVersionDate "2021.10.06"]
[SourceQuality "1"]

1. e4 c5 2. c3 d5 3. exd5 Qxd5 4. d4 Nf6 5. Nf3 Bg4 6. Be2 e6 7. h3 Bh5 8. O-O Nc6 9. a3 Be7 10. c4 Qd8 11. dxc5 Bxc5 12. b4 Be7 13. Nbd2 Qc7 14. Bb2 Rd8 15. Qc2 O-O 16. Rfe1 Bg6 17. Qc3 Ne8 18. Bf1 Bf6 19. Qc1 Bxb2 20. Qxb2 Nf6 21. Rad1 Rd7 22. Nb3 Rfd8 23. Rxd7 Rxd7 24. b5 Na5 25. Ne5 Rd8 26. Nxa5 Qxa5 27. Rc1 Rd2 28. Qb3 Qd8 29. Nf3 Rd7 30. Qa4 Qb8 31. b6 axb6 32. Qb5 Rd6 33. Ne5 Ne4 34. a4 Qd8 35. Bd3 Nc5 36. Bxg6 hxg6 37. a5 Rd1+ 38. Rxd1 Qxd1+ 39. Kh2 Qd6 40. Qe8+ Qf8 41. Qb5 Qd6 42. Qe8+ Qf8 43. Qb5 1/2-1/2

[Event "Quebec op U2000"]
[Site "Montreal CAN"]
[Date "2001.07.28"]
[Round "9"]
[White "Saint James, Sonny"]
[Black "Letual, Jean"]
[Result "1-0"]
[WhiteElo "2013"]
[BlackElo "1575"]
[PlyCount "111"]
[GameId "2160767911563951"]
[EventDate "2001.07.21"]
[EventType "swiss"]
[EventRounds "9"]
[EventCountry "CAN"]
[SourceTitle "EXT 2022"]
[Source "ChessBase"]
[SourceDate "2021.10.06"]
[SourceVersion "1"]
[SourceVersionDate "2021.10.06"]
[SourceQuality "1"]

1. e4 e6 2. d4 d5 3. e5 c5 4. c3 Nc6 5. Nf3 Qb6 6. a3 h5 7. b4 cxd4 8. cxd4 Nh6 9. Bd3 Nf5 10. Be3 Bd7 11. Bxf5 exf5 12. O-O Rc8 13. Nc3 Be6 14. Rc1 a6 15. Qb3 Qd8 16. Na4 Be7 17. Nc5 Qb6 18. Rc2 O-O 19. Rfc1 Qb5 20. Qd3 Qxd3 21. Nxd3 a5 22. b5 Na7 23. a4 Rxc2 24. Rxc2 Rc8 25. Rxc8+ Nxc8 26. Nc5 b6 27. Nb7 Kf8 28. Bd2 Ke8 29. Ne1 Kd7 30. Nxa5 bxa5 31. Bxa5 Bd8 32. Bb4 Bb6 33. Nc2 Bd8 34. a5 Na7 35. Na3 Kc8 36. Bc5 Kb7 37. a6+ Ka8 38. b6 Nc6 39. Nb5 Bc8 40. b7+ Bxb7 41. axb7+ Kxb7 42. Nd6+ Ka6 43. Nxf7 Bb6 44. Bxb6 Kxb6 45. f4 Nxd4 46. Kf2 Nc6 47. Nd6 Ne7 48. Ke3 Kc5 49. g3 g6 50. Kd3 Nc6 51. Nc8 Nb4+ 52. Kd2 Nc6 53. e6 Kd4 54. e7 Nxe7 55. Nxe7 Ke4 56. Nxg6 1-0

[Event "Quebec op U2000"]
[Site "Montreal CAN"]
[Date "2001.07.28"]
[Round "9"]
[White "Simard, Francois"]
[Black "Cardin, Guillaume"]
[Result "0-1"]
[WhiteElo "1835"]
[BlackElo "1879"]
[PlyCount "36"]
[GameId "2160767911563952"]
[EventDate "2001.07.21"]
[EventType "swiss"]
[EventRounds "9"]
[EventCountry "CAN"]
[SourceTitle "EXT 2022"]
[Source "ChessBase"]
[SourceDate "2021.10.06"]
[SourceVersion "1"]
[SourceVersionDate "2021.10.06"]
[SourceQuality "1"]

1. d4 Nf6 2. Bg5 Ne4 3. Bh4 g5 4. Bg3 c5 5. e3 Qb6 6. b3 Qb4+ 7. Ke2 Nc6 8. a3 Qa5 9. Qd3 d5 10. f3 Nxg3+ 11. hxg3 cxd4 12. Rxh7 Rxh7 13. Qxh7 dxe3 14. b4 Nd4+ 15. Kxe3 Qb6 16. Kd2 Bf5 17. Qg8 Nxc2 18. Qxg5 Bh6 0-1

[Event "Quebec op U2000"]
[Site "Montreal CAN"]
[Date "2001.07.28"]
[Round "9"]
[White "Solar, Dariusz"]
[Black "Trinh, Tri Bao"]
[Result "0-1"]
[WhiteElo "1800"]
[BlackElo "1982"]
[PlyCount "98"]
[GameId "2160767911563953"]
[EventDate "2001.07.21"]
[EventType "swiss"]
[EventRounds "9"]
[EventCountry "CAN"]
[SourceTitle "EXT 2022"]
[Source "ChessBase"]
[SourceDate "2021.10.06"]
[SourceVersion "1"]
[SourceVersionDate "2021.10.06"]
[SourceQuality "1"]

1. e4 e6 2. d4 d5 3. exd5 exd5 4. Bd3 Bd6 5. Nf3 Bg4 6. O-O Nc6 7. Re1+ Nge7 8. c3 Qd7 9. Bg5 h6 10. Bh4 O-O-O 11. Bg3 Bxg3 12. hxg3 g5 13. Nbd2 h5 14. Qc2 Nf5 15. Nh2 Nd6 16. f3 Bf5 17. Re2 Bxd3 18. Qxd3 h4 19. g4 h3 20. g3 f5 21. Rae1 fxg4 22. fxg4 Rhf8 23. Ndf3 Ne4 24. Nd2 Nxd2 25. Qxd2 Qd6 26. Qd3 Rf6 27. Re8 Qd7 28. Rxd8+ Nxd8 29. Qe3 Nf7 30. Qe8+ Qxe8 31. Rxe8+ Kd7 32. Ra8 Ra6 33. a3 Rb6 34. Rxa7 Rxb2 35. Nf1 Nd6 36. Ra8 Rc2 37. Rh8 Rxc3 38. Rxh3 Rxa3 39. Rh7+ Kc6 40. Rh6 b5 41. Kf2 Rd3 42. Ne3 Rxd4 43. Ke2 Kc5 44. Nf5 Rxg4 45. Nxd6 cxd6 46. Kf3 Rc4 47. Rg6 g4+ 48. Rxg4 Rxg4 49. Kxg4 b4 0-1

[Event "Quebec-ch 1/8 final"]
[Site "Shawinigan CAN"]
[Date "2001.06.01"]
[Round "1"]
[White "Bolduc, Steve"]
[Black "Arsenault, Michel"]
[Result "1-0"]
[WhiteElo "2205"]
[BlackElo "2064"]
[PlyCount "93"]
[GameId "2160767911564536"]
[EventDate "2001.06.01"]
[EventType "swiss"]
[EventRounds "5"]
[EventCountry "CAN"]

1. d4 Nf6 2. Nf3 e6 3. c4 b6 4. a3 Bb7 5. Nc3 d5 6. Bg5 Be7 7. e3 O-O 8. cxd5 Nxd5 9. Nxd5 exd5 10. Bxe7 Qxe7 11. Bd3 Nd7 12. Qc2 Nf6 13. Rc1 c6 14. O-O Rac8 15. b4 Rfe8 16. Rfe1 Ne4 17. Nd2 f5 18. f3 Nxd2 19. Qxd2 Qg5 20. Qf2 Re6 21. Qg3 Qxg3 22. hxg3 g6 23. a4 Kf8 24. Kf2 Rc7 25. Rc3 Ke7 26. a5 Kd6 27. Rec1 Re8 28. g4 fxg4 29. e4 gxf3 30. e5+ Ke6 31. a6 Ba8 32. gxf3 Rec8 33. Bf1 Rf8 34. Bh3+ Ke7 35. Ke3 Ke8 36. f4 Rcf7 37. f5 gxf5 38. Kf4 Rg8 39. e6 Rf6 40. Ke5 Ke7 41. Rxc6 Bxc6 42. Rxc6 Rg7 43. Rc7+ Kf8 44. Rxg7 Kxg7 45. e7 Rh6 46. e8=Q Rxh3 47. Qd7+ 1-0

[Event "Quebec-ch 1/8 final"]
[Site "Shawinigan CAN"]
[Date "2001.06.01"]
[Round "1"]
[White "Boulay, David"]
[Black "Tisseur, Daniel"]
[Result "1-0"]
[WhiteElo "2149"]
[BlackElo "1897"]
[PlyCount "105"]
[GameId "2160767911564537"]
[EventDate "2001.06.01"]
[EventType "swiss"]
[EventRounds "5"]
[EventCountry "CAN"]

1. e4 c5 2. Nf3 Nc6 3. d4 cxd4 4. Nxd4 g6 5. c4 Nf6 6. Nc3 d6 7. Be2 Nxd4 8. Qxd4 Bg7 9. Be3 O-O 10. Qd2 Be6 11. f3 a6 12. Rc1 Rc8 13. b3 Qa5 14. O-O Kh8 15. Bd4 b5 16. cxb5 axb5 17. Qb2 Bd7 18. b4 Qa8 19. Nxb5 e5 20. Be3 d5 21. Bc5 dxe4 22. Bxf8 Rxf8 23. Kh1 exf3 24. Bxf3 e4 25. Be2 Ng4 26. Qd2 Bxb5 27. Bxb5 Qb8 28. Qf4 Qxb5 29. Qxg4 Qxb4 30. Qf4 Qa3 31. Rc2 Qd3 32. Qf2 e3 33. Qe2 Qa3 34. Rf3 Bd4 35. Qc4 Bg7 36. Rxf7 Rd8 37. Rf1 h5 38. Re2 Kh7 39. Qb3 Rd3 40. Qxa3 Rxa3 41. g3 Be5 42. Rf7+ Kh6 43. Kg2 Bd6 44. Kf3 Bb4 45. Rb2 Bc3 46. Rbb7 Rxa2 47. Rh7+ Kg5 48. h4+ Kf6 49. Rhf7+ Ke5 50. Rfe7+ Kf6 51. Rxe3 Bd4 52. Rd3 Ke5 53. Rb5+ 1-0

[Event "Quebec-ch 1/8 final"]
[Site "Shawinigan CAN"]
[Date "2001.06.01"]
[Round "1"]
[White "Charbonneau, Anne-Marie"]
[Black "Moisan-Plante, Marc-Olivier"]
[Result "1/2-1/2"]
[WhiteElo "1864"]
[BlackElo "2135"]
[PlyCount "70"]
[GameId "2160767911564538"]
[EventDate "2001.06.01"]
[EventType "swiss"]
[EventRounds "5"]
[EventCountry "CAN"]

1. d4 d5 2. c4 e6 3. Nc3 c6 4. e4 dxe4 5. Nxe4 Bb4+ 6. Bd2 Qxd4 7. Bxb4 Qxe4+ 8. Be2 Nd7 9. Nf3 c5 10. Bc3 Ngf6 11. Qd2 O-O 12. Ng5 Qc6 13. Bf3 Qc7 14. Ne4 Nxe4 15. Bxe4 f5 16. Bc2 Ne5 17. Qe2 Nc6 18. O-O-O Qf4+ 19. Kb1 Nd4 20. Bxd4 cxd4 21. g3 Qd6 22. f4 Bd7 23. Rd3 Rad8 24. Rhd1 Bc8 25. Qf2 e5 26. fxe5 Qxe5 27. Rxd4 Rxd4 28. Qxd4 Qxd4 29. Rxd4 b6 30. Kc1 g5 31. Kd2 Kg7 32. Ke3 Kf6 33. Ba4 Ke7 34. b4 Be6 35. Bb5 a6 1/2-1/2

[Event "Quebec-ch 1/8 final"]
[Site "Shawinigan CAN"]
[Date "2001.06.01"]
[Round "1"]
[White "Fillion, Steve"]
[Black "Loranger, Stephane"]
[Result "1-0"]
[WhiteElo "2099"]
[BlackElo "1866"]
[PlyCount "113"]
[GameId "2160767911564540"]
[EventDate "2001.06.01"]
[EventType "swiss"]
[EventRounds "5"]
[EventCountry "CAN"]

1. e4 e5 2. Nc3 Nc6 3. Nf3 Nf6 4. Bb5 d6 5. d4 exd4 6. Qxd4 Bd7 7. Bxc6 bxc6 8. Bg5 Rb8 9. O-O-O Rb6 10. e5 c5 11. Qe3 dxe5 12. Nxe5 Re6 13. Nxd7 Bd6 14. Qf3 Qxd7 15. Qa8+ Qd8 16. Qxa7 O-O 17. Nd5 Rfe8 18. Nxf6+ gxf6 19. Be3 Qe7 20. Qa4 Re4 21. Qc6 f5 22. g3 Qf6 23. c3 R8e6 24. Qd5 R6e5 25. Qd2 Qe6 26. Kb1 Ra4 27. b3 Rae4 28. c4 Qg6 29. Qc2 Re8 30. Rd5 c6 31. Rd3 Bf8 32. Rhd1 Qf6 33. Bc1 Re2 34. R3d2 Re1 35. Bb2 Qg5 36. Qc3 f6 37. f4 Qh5 38. Rxe1 Rxe1+ 39. Kc2 Qe8 40. Qf3 Qe6 41. Bc3 Re3 42. Qg2 Be7 43. Kb2 Kf7 44. a4 Re1 45. a5 Re4 46. Qf3 Qc8 47. Re2 Qe6 48. Qh5+ Kg7 49. Rg2 Bd8 50. Qd1 Be7 51. a6 Qc8 52. a7 Bd8 53. Rd2 Be7 54. Qa1 Qa8 55. Qa6 Bf8 56. Rd7+ Re7 57. Qb7 1-0

[Event "Quebec-ch 1/8 final"]
[Site "Shawinigan CAN"]
[Date "2001.06.01"]
[Round "1"]
[White "Gagnon, Fabien"]
[Black "Leriche, Felix"]
[Result "1/2-1/2"]
[WhiteElo "2107"]
[BlackElo "2239"]
[PlyCount "64"]
[GameId "2160767911564541"]
[EventDate "2001.06.01"]
[EventType "swiss"]
[EventRounds "5"]
[EventCountry "CAN"]

1. d4 d5 2. Nf3 c6 3. e3 Bg4 4. Be2 Nd7 5. O-O e6 6. Nbd2 f5 7. b3 Ngf6 8. Bb2 Be7 9. c4 O-O 10. Ne1 Bxe2 11. Qxe2 g5 12. Nd3 Ne4 13. f3 Nxd2 14. Qxd2 Qe8 15. Rae1 Qh5 16. g3 Bd6 17. Qg2 Kh8 18. e4 f4 19. g4 Qg6 20. Nc5 Bxc5 21. dxc5+ Kg8 22. exd5 exd5 23. cxd5 Nxc5 24. Re7 Rf7 25. Rxf7 Kxf7 26. dxc6 Qxc6 27. Rc1 Qd5 28. Qc2 Nd3 29. Rd1 Rd8 30. Qc3 Qxf3 31. Qf6+ Ke8 32. Qe6+ Kf8 1/2-1/2

[Event "Quebec-ch 1/8 final"]
[Site "Shawinigan CAN"]
[Date "2001.06.01"]
[Round "1"]
[White "Marcone, Malcom"]
[Black "Beaulieu, Eric"]
[Result "0-1"]
[WhiteElo "1976"]
[BlackElo "2156"]
[PlyCount "62"]
[GameId "2160767911564542"]
[EventDate "2001.06.01"]
[EventType "swiss"]
[EventRounds "5"]
[EventCountry "CAN"]

1. Nf3 Nf6 2. c4 c5 3. g3 b6 4. Bg2 Bb7 5. O-O e6 6. d3 Be7 7. Nbd2 O-O 8. a3 Qc7 9. b3 d5 10. Bb2 d4 11. e4 Nbd7 12. Ne1 e5 13. Nc2 Ne8 14. Qe2 Bg5 15. h4 Bh6 16. Bh3 g6 17. Nf3 f5 18. Bc1 Bxc1 19. Raxc1 Ng7 20. Nh2 Nf6 21. f3 Nfh5 22. Qg2 Ne6 23. Rf2 Rf6 24. Na1 Raf8 25. Rcc2 Kh8 26. Nf1 Qf7 27. b4 Nef4 28. gxf4 Nxf4 29. Qh2 Nxd3 30. Rfd2 fxe4 31. Ng3 Ne1 0-1

[Event "Quebec-ch 1/8 final"]
[Site "Shawinigan CAN"]
[Date "2001.06.01"]
[Round "1"]
[White "Masse, Hugues"]
[Black "Trottier, Julie"]
[Result "1-0"]
[WhiteElo "2171"]
[BlackElo "1990"]
[PlyCount "93"]
[GameId "2160767911564543"]
[EventDate "2001.06.01"]
[EventType "swiss"]
[EventRounds "5"]
[EventCountry "CAN"]

1. e4 c5 2. f4 Nc6 3. Nf3 Qc7 4. d3 d6 5. Nc3 e6 6. g3 a6 7. Bg2 b5 8. O-O Nf6 9. h3 Bb7 10. g4 Be7 11. Ne2 c4 12. g5 cxd3 13. cxd3 Qb6+ 14. Kh1 Nh5 15. Bd2 h6 16. gxh6 Rxh6 17. f5 Rf6 18. Bg5 exf5 19. Bxf6 Bxf6 20. exf5 Bxb2 21. Rb1 Bf6 22. Qd2 Kd7 23. Kh2 Ne5 24. d4 Nc4 25. Qd3 Re8 26. Qxc4 bxc4 27. Rxb6 Rxe2 28. Rxb7+ Kc8 29. Rbb1 Nf4 30. Rg1 c3 31. Rbc1 c2 32. Ne1 Bxd4 33. Rxc2+ Kd7 34. Rxe2 Nxe2 35. Nf3 Bxg1+ 36. Nxg1 Nc3 37. a3 d5 38. Bf1 a5 39. Bd3 Kd6 40. Kg3 Nd1 41. Nf3 Nb2 42. Be2 Nc4 43. Bxc4 dxc4 44. Kf4 g6 45. fxg6 fxg6 46. Ke4 Kc5 47. Ne5 1-0

[Event "Quebec-ch 1/8 final"]
[Site "Shawinigan CAN"]
[Date "2001.06.01"]
[Round "1"]
[White "Paz, Roman"]
[Black "Gaspariants, Vladimir"]
[Result "0-1"]
[WhiteElo "2046"]
[BlackElo "2203"]
[PlyCount "84"]
[GameId "2160767911564544"]
[EventDate "2001.06.01"]
[EventType "swiss"]
[EventRounds "5"]
[EventCountry "CAN"]

1. d4 Nf6 2. Nf3 g6 3. b3 Bg7 4. Bb2 O-O 5. Nbd2 d5 6. e3 Bf5 7. Nh4 Bg4 8. Be2 Bxe2 9. Qxe2 Ne4 10. Nhf3 f5 11. O-O e6 12. Ne1 c5 13. c3 cxd4 14. exd4 Nc6 15. Nxe4 fxe4 16. f3 Qb6 17. Kh1 e5 18. dxe5 Nxe5 19. fxe4 Rxf1+ 20. Qxf1 Ng4 21. g3 Rf8 22. Qe2 Nf2+ 23. Kg2 dxe4 24. Ba3 Rf7 25. Qc4 Ng4 26. Qc8+ Bf8 27. Qxg4 Qf2+ 28. Kh3 Qf1+ 29. Ng2 Qxa1 30. Bxf8 Kxf8 31. Qxe4 Qxc3 32. Nf4 Qc8+ 33. Kg2 Qc6 34. Qxc6 bxc6 35. Ne6+ Ke7 36. Ng5 Rf5 37. Ne4 h5 38. h3 Ra5 39. a4 Rd5 40. Kf2 Rd3 41. Nc5 Rc3 42. b4 a5 0-1

[Event "Quebec-ch 1/8 final"]
[Site "Shawinigan CAN"]
[Date "2001.06.01"]
[Round "1"]
[White "Tessier, Olivier"]
[Black "Soudre, Nicolas"]
[Result "1/2-1/2"]
[WhiteElo "2028"]
[BlackElo "2176"]
[PlyCount "55"]
[GameId "2160767911564545"]
[EventDate "2001.06.01"]
[EventType "swiss"]
[EventRounds "5"]
[EventCountry "CAN"]

1. Nf3 e6 2. c4 Nf6 3. g3 d5 4. b3 Be7 5. Bb2 O-O 6. Bg2 c6 7. O-O Nbd7 8. d3 b6 9. Nbd2 Bb7 10. Rc1 Rc8 11. Rc2 c5 12. cxd5 Nxd5 13. a3 Bf6 14. Qa1 Bxb2 15. Qxb2 Qf6 16. Qxf6 N5xf6 17. Rfc1 Rfd8 18. Nc4 Nb8 19. b4 cxb4 20. axb4 Kf8 21. Ra1 b5 22. Ne3 Rxc2 23. Nxc2 a6 24. Ne5 Bxg2 25. Kxg2 Nfd7 26. Nxd7+ Rxd7 27. Kf3 Ke7 28. Ke3 1/2-1/2

[Event "Quebec-ch 1/8 final"]
[Site "Shawinigan CAN"]
[Date "2001.06.02"]
[Round "2"]
[White "Arsenault, Michel"]
[Black "Charbonneau, Anne-Marie"]
[Result "1-0"]
[WhiteElo "2064"]
[BlackElo "1864"]
[PlyCount "61"]
[GameId "2160767911564546"]
[EventDate "2001.06.01"]
[EventType "swiss"]
[EventRounds "5"]
[EventCountry "CAN"]

1. c4 e6 2. Nf3 d5 3. b3 Nf6 4. g3 b6 5. Bg2 Bb7 6. O-O Be7 7. Bb2 O-O 8. d3 c5 9. e3 Nc6 10. Qe2 Qc7 11. Nc3 Rad8 12. Rfd1 Rd7 13. Rac1 Qb8 14. cxd5 Nxd5 15. Nxd5 Rxd5 16. d4 Rdd8 17. dxc5 Bxc5 18. a3 h6 19. b4 Bd6 20. Ne1 Ne7 21. Qg4 Ng6 22. f4 Bxg2 23. Kxg2 Rc8 24. h4 Rxc1 25. Rxc1 e5 26. f5 Qb7+ 27. Kg1 Qd7 28. Rd1 Rd8 29. h5 Ne7 30. Bxe5 Nxf5 31. Rxd6 1-0

[Event "Quebec-ch 1/8 final"]
[Site "Shawinigan CAN"]
[Date "2001.06.02"]
[Round "2"]
[White "Beaulieu, Eric"]
[Black "Bannon, Eric"]
[Result "1-0"]
[WhiteElo "2151"]
[BlackElo "2062"]
[PlyCount "121"]
[GameId "2160767911564547"]
[EventDate "2001.06.01"]
[EventType "swiss"]
[EventRounds "5"]
[EventCountry "CAN"]

1. Nf3 Nf6 2. c4 g6 3. g3 Bg7 4. Bg2 d6 5. O-O O-O 6. d4 Nc6 7. Nc3 a6 8. h3 Rb8 9. e4 b5 10. e5 Ne8 11. Ng5 Na5 12. e6 Bxe6 13. Nxe6 fxe6 14. cxb5 axb5 15. Qg4 Rf5 16. Qe4 Qd7 17. h4 d5 18. Qd3 Rf7 19. Bh3 Bf6 20. Bf4 Ng7 21. Ne2 Nf5 22. Rfc1 Nc6 23. Rc5 Ncxd4 24. Nxd4 Nxd4 25. Rxc7 Qd8 26. Rac1 Bg7 27. b3 Rf8 28. Be3 Nf5 29. a4 bxa4 30. bxa4 Be5 31. R7c6 Bd6 32. Bd2 Qe8 33. Be1 Qf7 34. Bg2 Rbd8 35. a5 Qf6 36. Bc3 Be5 37. Bxe5 Qxe5 38. R6c2 Qd4 39. Qxd4 Nxd4 40. Ra2 Rd7 41. Rd1 Nb5 42. Re1 Kf7 43. Rb2 Nd4 44. Rb4 Nc6 45. Rf4+ Ke8 46. Rxf8+ Kxf8 47. a6 e5 48. Rc1 Nb4 49. Bh3 Ra7 50. Bc8 d4 51. Rb1 Na2 52. Kf1 Kf7 53. Rb5 Kf6 54. Rb6+ Kg7 55. Re6 d3 56. Ke1 Rc7 57. Bb7 Rc2 58. Rxe7+ Kf6 59. Rd7 Nb4 60. a7 Re2+ 61. Kf1 1-0

[Event "Quebec-ch 1/8 final"]
[Site "Shawinigan CAN"]
[Date "2001.06.02"]
[Round "2"]
[White "Fillion, Steve"]
[Black "Masse, Hugues"]
[Result "1-0"]
[WhiteElo "2141"]
[BlackElo "2171"]
[PlyCount "129"]
[GameId "2160767911564548"]
[EventDate "2001.06.01"]
[EventType "swiss"]
[EventRounds "5"]
[EventCountry "CAN"]

1. e4 c5 2. Nc3 e6 3. g3 d5 4. exd5 exd5 5. Bg2 Nf6 6. d3 d4 7. Ne4 Nxe4 8. Bxe4 Nd7 9. Bg2 Bd6 10. Nf3 O-O 11. O-O Rb8 12. a4 Ne5 13. Nxe5 Bxe5 14. Re1 Bc7 15. Bd2 Be6 16. Qh5 b6 17. Be4 g6 18. Qh6 Qf6 19. Bg5 Qg7 20. Qh4 Bd8 21. b3 a5 22. Bc6 Bxg5 23. Qxg5 Rfd8 24. h4 Rd6 25. Bf3 h5 26. Qf4 Rdd8 27. Re5 Rbc8 28. Bxh5 Rd5 29. Rae1 Rxe5 30. Rxe5 Bd7 31. Bf3 f6 32. Re1 f5 33. Qd6 Re8 34. Rxe8+ Bxe8 35. Qd8 Qf8 36. Bd5+ Bf7 37. Bxf7+ Kxf7 38. Qxf8+ Kxf8 39. Kg2 Kg7 40. Kf3 Kf7 41. Kf4 Kf6 42. f3 Ke6 43. Kg5 Kf7 44. h5 gxh5 45. Kxf5 Kg7 46. Kg5 h4 47. Kxh4 Kg6 48. g4 Kh6 49. g5+ Kg6 50. Kg4 Kg7 51. f4 Kg6 52. f5+ Kg7 53. Kf4 Kf7 54. Ke5 Ke7 55. g6 Kf8 56. f6 c4 57. dxc4 d3 58. cxd3 b5 59. axb5 a4 60. bxa4 Kg8 61. c5 Kf8 62. c6 Ke8 63. b6 Kd8 64. g7 Kc8 65. g8=R# 1-0

[Event "Quebec-ch 1/8 final"]
[Site "Shawinigan CAN"]
[Date "2001.06.02"]
[Round "2"]
[White "Gaspariants, Vladimir"]
[Black "Boulay, David"]
[Result "0-1"]
[WhiteElo "2205"]
[BlackElo "2149"]
[PlyCount "116"]
[GameId "2160767911564549"]
[EventDate "2001.06.01"]
[EventType "swiss"]
[EventRounds "5"]
[EventCountry "CAN"]

1. e4 c5 2. Nf3 d6 3. d4 cxd4 4. Nxd4 Nf6 5. Nc3 a6 6. Bc4 e6 7. a3 b5 8. Ba2 Qc7 9. Bg5 Nbd7 10. Qe2 h6 11. Bh4 g5 12. Bg3 Ne5 13. O-O-O Rb8 14. h4 Rg8 15. hxg5 hxg5 16. f4 gxf4 17. Bxf4 b4 18. axb4 Rxb4 19. Bh6 Be7 20. Nf3 Qb7 21. Nxe5 dxe5 22. Bb3 Bd7 23. Rhf1 Bc6 24. Rd3 a5 25. Rdf3 Rg6 26. Rxf6 Bxf6 27. Qh5 Qe7 28. Be3 Rg8 29. Qe2 Bg5 30. Bxg5 Qxg5+ 31. Kb1 Qe7 32. g4 a4 33. Qa6 Qb7 34. Qxb7 Rxb7 35. Bxa4 Bxa4 36. Nxa4 Rxg4 37. Nc3 Ke7 38. b3 Rg3 39. Kb2 Re3 40. Ra1 Rc7 41. Nb5 Rc6 42. Na7 Rc7 43. Nb5 Rb7 44. Nc3 Rb8 45. Ra7+ Kf6 46. Rc7 Kg6 47. Rc5 f5 48. Rxe5 Kf6 49. Rxf5+ exf5 50. Nd5+ Ke5 51. Nxe3 Kxe4 52. Nc4 f4 53. Kc3 f3 54. Kd2 Kf4 55. Ke1 Re8+ 56. Kf1 Re2 57. c3 Rc2 58. b4 Kg3 0-1

[Event "Quebec-ch 1/8 final"]
[Site "Shawinigan CAN"]
[Date "2001.06.02"]
[Round "2"]
[White "Larochelle, Martial"]
[Black "Tessier, Olivier"]
[Result "0-1"]
[WhiteElo "2156"]
[BlackElo "2028"]
[PlyCount "72"]
[GameId "2160767911564550"]
[EventDate "2001.06.01"]
[EventType "swiss"]
[EventRounds "5"]
[EventCountry "CAN"]

1. c4 Nf6 2. g3 c5 3. Bg2 Nc6 4. Nf3 b6 5. O-O Bb7 6. Nc3 e6 7. e4 d6 8. d3 Be7 9. h3 a6 10. Nh2 O-O 11. f4 Qc7 12. g4 Nd4 13. Be3 b5 14. Rf2 b4 15. Bxd4 cxd4 16. Ne2 Nd7 17. Nf3 d5 18. cxd5 exd5 19. e5 Qb6 20. Qd2 f6 21. e6 Qxe6 22. Nexd4 Qb6 23. Nf5 Rfe8 24. d4 Bf8 25. N3h4 b3 26. a3 Rac8 27. Rc1 Rxc1+ 28. Qxc1 g6 29. Ne3 Qxd4 30. Qc7 Qxe3 31. Qxb7 Bc5 32. Qxd5+ Kh8 33. Qf3 Qxf2+ 34. Qxf2 Re1+ 35. Bf1 Bxf2+ 36. Kxf2 Rb1 0-1